| 000 | 00839nam a22002177a 4500 | ||
|---|---|---|---|
| 005 | 20251124085502.0 | ||
| 008 | 211124s1994 mx gr|||| 00| 0 spa|d | ||
| 020 | _a9684760655 | ||
| 050 | 0 | 4 |
_aHD9005 _bC35 1994 |
| 100 | 1 | _aCalva, José Luis | |
| 245 | 1 | 0 |
_aCrisis agrícola y alimentaria en México 1982-1988 _c / José Luis Calva. |
| 250 | _a2a ed. | ||
| 260 |
_aMéxico : _bFontamara, _c1994 |
||
| 300 |
_a221 p. ; _c21 cm. |
||
| 500 | _aEn la pasta : Una contribución al análisis de la crisis general de la economía mexicana. | ||
| 504 | _aIncluye apéndice estadístico, índice y referencias bibliográficas | ||
| 650 | 4 |
_aAgricultura _xAspectos económicos _xMéxico |
|
| 650 | 4 |
_xComercio de productos agrícolas _aIndustrias agrícolas _zMéxico |
|
| 650 | 4 |
_aAbastecimiento de alimentos _zMéxico |
|
| 942 |
_2lcc _cLIB |
||
| 999 |
_c135419 _d135419 |
||